00619nam a22001697a 4500020001800000040000900018082001600027100002900043245002200072250001900094260004800113650004900161942001200210999001900222952010500241952010300346 a9781292060507 cNUST a629.836 KHA a Khalil, Hassan K958867 aNonlinear Control aGlobal Edition aEngland:bPearson Education Limited,c2015. aNonlinear Theories.Nonlinear Control9103966 2ddccBK c592562d592562 00102ddc4070aCEMEbCEMEcGENd2022-12-01l0o629.836 KHApCEME-49667r2022-12-01w2022-12-01yBK 00102ddc4070aCEMEbCEMEcGENd2022-12-02l0o280 SCBpCEME-49667-Ar2022-12-02w2022-12-02yBK